Các nhân tố ảnh hưởng đến việc áp dụng kế toán quản trị tại các doanh nghiệp hoạt động trong lĩnh vực công nghệ thông tin tại Thành phố Hồ chí Minh : Luận văn Thạc sĩ - Chuyên ngành : Kế toán
Сохранить в:
| Главный автор: | |
|---|---|
| Формат: | Luận văn |
| Язык: | Undetermined |
| Опубликовано: |
Đại học Công Nghiệp Tp. Hồ Chí Minh
2022
|
| Предметы: | |
| Online-ссылка: | https://opac.iuh.edu.vn/TraCuuTaiLieuSo2XemChiTiet.aspx?Id=116723 |
| Метки: |
Добавить метку
Нет меток, Требуется 1-ая метка записи!
|
| Thư viện lưu trữ: | Trung tâm Thư viện - Trường Đại học Công nghiệp TP. Hồ Chí Minh |
|---|
| LEADER | 00881nam a2200169Ia 4500 | ||
|---|---|---|---|
| 001 | UIH_02201 | ||
| 008 | 230809s9999 xx 000 0 und d | ||
| 082 | |a 658.151 | ||
| 100 | |a Phạm, Thị Thúy Ngân | ||
| 245 | 0 | |a Các nhân tố ảnh hưởng đến việc áp dụng kế toán quản trị tại các doanh nghiệp hoạt động trong lĩnh vực công nghệ thông tin tại Thành phố Hồ chí Minh : Luận văn Thạc sĩ - Chuyên ngành : Kế toán | |
| 245 | 0 | |c Phạm, Thị Thúy Ngân | |
| 260 | |b Đại học Công Nghiệp Tp. Hồ Chí Minh | ||
| 260 | |c 2022 | ||
| 650 | |a Kế toán quản trị; | ||
| 856 | |u https://opac.iuh.edu.vn/TraCuuTaiLieuSo2XemChiTiet.aspx?Id=116723 | ||
| 927 | |a Luận văn | ||
| 980 | |a Trung tâm Thư viện - Trường Đại học Công nghiệp TP. Hồ Chí Minh | ||